| 000 | 00502nam a2200169Ia 4500 | ||
|---|---|---|---|
| 999 |
_c7397 _d7397 |
||
| 003 | OSt | ||
| 005 | 20200123110826.0 | ||
| 008 | 190216s9999||||xx |||||||||||||| ||und|| | ||
| 040 | _coclc | ||
| 082 |
_a658.3 _bMAM/H |
||
| 100 |
_aMamoria, C B _91239 |
||
| 245 | 0 |
_aText Book Of Human Resource Management / _cC B Mamoria ; S V Gankar |
|
| 250 | _a7th ed. | ||
| 260 |
_bHimalaya Publishing House, _c2008. _aMumbai: |
||
| 300 | _a396p | ||
| 942 |
_cBK _2ddc _h658.3 _iMAM/H _k658.3 _mMAM/H |
||